Φιλοσοφία της παιδείας : προτάσεις εκπαιδευτικής πολιτικής
Saved in:
| Main Author: | |
|---|---|
| Format: | Book |
| Language: | Greek |
| Published: |
Αθήνα :
Παιδαγωγία,
1988
|
| Edition: | 3η εκδ. |
| Subjects: | |
| Tags: |
Add Tag
No Tags, Be the first to tag this record!
|
MARC
| LEADER | 00000nam a2200000 i 4500 | ||
|---|---|---|---|
| 001 | 1/20521 | ||
| 008 | 930929s1988 gre d | ||
| 035 | |a 1989 |b 1 |c Δωρεά |l 10036058 | ||
| 040 | |a GR-MY-UA |b gre |e aacr | ||
| 041 | 0 | |a gre | |
| 082 | 0 | |a 370.1 | |
| 100 | 1 | |a Πολυχρονόπουλος, Πάνος. | |
| 245 | 1 | 0 | |a Φιλοσοφία της παιδείας : |b προτάσεις εκπαιδευτικής πολιτικής / |c Πάνος Πολυχρονόπουλος |
| 250 | |a 3η εκδ. | ||
| 260 | |a Αθήνα : |b Παιδαγωγία, |c 1988 | ||
| 650 | 0 | 0 | |a Education |x Philosophy. |
| 650 | 0 | 0 | |a Politics and education. |
| 650 | 0 | 0 | |a Educational sociology. |
| 852 | |a INST |b RHODES |e 19930929 |h 370.1 ΠΟΛ |p 005400001712 |q 005400001712 |t BK |y 0 | ||
| 852 | |a INST |b RHODES |e 19930929 |h 370.1 ΠΟΛ |p 005400003442 |q 005400003442 |t BK |y 0 | ||
| 909 | |a Ρ |b 009987 |c 1989 | ||
| 909 | |a Ρ |b 012466 |c 1989 | ||